000 00990cam a2200337 4500
001 3600508
003 OSt
005 20140408090621.0
008 720605s1972 nyua j 000 1 eng
010 _a 70179050
020 _a0439559863
040 _aDLC
_cDLC
_dDLC
042 _alcac
050 0 0 _aPZ 7
_b.B6265Tal 1972
100 1 _aBlume, Judy.
_96113
245 1 0 _aTales of a fourth grade nothing /
_cJudy Blume ; illustrated by Roy Doty.
250 _a[1st ed.]
260 _aNew York :
_bScholastic Inc.,
_c1972
300 _a120 p.
_billus.
_c22 cm.
350 _a$4.95
520 _aPeter finds his demanding two-year-old brother an ever increasing problem.
521 _aG2
526 _c470
650 1 _aBrothers
_xFiction.
_928493
650 1 _aFamily life
_xFiction.
_928494
650 1 _aHumorous stories.
_93831
700 1 _aDoty, Roy,
_d1922-
_eillus.
_928495
906 _a7
_bcbc
_corignew
_d2
_encip
_f19
_gy-gencatlg
942 _2lcc
_cBK
999 _c34697
_d34697